A criada está a ver (Record no. 45652)
[ view plain ]
| 000 -Etiqueta do registo | |
|---|---|
| Valores | 00700nam a2200229 4500 |
| 010 ## - Número ISBN | |
| ISBN | 9789895702756 |
| 021 ## - Número do Depósito Legal | |
| Código do país | Portugal |
| Número | 531688/24 |
| 100 ## - Dados gerais de processamento | |
| Dados gerais | 20241213d2024 m y0pory50030103ba |
| 102 ## - País de publicação | |
| País | Portugal |
| 200 1# - Titulo e menção de responsabilidade | |
| Título próprio | A criada está a ver |
| Primeira menção de responsabilidade | Freida McFadden |
| Outras menções de responsabilidade | trad. Carla Ribeiro |
| 205 ## - Menção da edição | |
| Edição | 1<U+00AA> ed |
| 210 #9 - Publicação | |
| Local de publicação | [S.l.] |
| Nome do editor | Alma dos Livros, |
| Data de publicação | 2024 |
| 215 ## - Descrição física | |
| Paginação / Volumes | 357 p. |
| Dimensões | 24 cm |
| 304 ## - Nota relativa ao título | |
| Texto de nota | Tít. orig.: The housemaid is watching |
| 675 ## - CDU | |
| Notação | 821.111(73)-3 |
| Edição | BN |
| Língua | por |
| 700 #1 - Autor principal (pessoa individual) | |
| Apelido | McFadden, |
| Nome | Freida, |
| 702 #1 - Autor secundário (pessoa individual) | |
| Apelido | Ribeiro, |
| Nome | Carla |
| 801 #0 - Fonte de origem | |
| País | PT |
| Agência | BN |
| Regras de catalogação | RPC |
| 856 41 - Localização e acesso electrónico | |
| URL | <a href="http://rnod.bnportugal.gov.pt/ImagesBN/winlibimg.aspx?skey=&doc=2199924&img=202706&save=true">http://rnod.bnportugal.gov.pt/ImagesBN/winlibimg.aspx?skey=&doc=2199924&img=202706&save=true</a> |
| 990 ## - Elementos KOHA | |
| Tipo de documento | Livro |
| Estado | Biblioteca de origem | Código de barras | Cota | Permissão de empréstimo | Tipo de documento | Empréstimo | Forma de aquisição |
|---|---|---|---|---|---|---|---|
| Biblioteca Municipal de Redondo | 054147 | 821.111(73)-3 McF | MON | Biblioteca Municipal de Redondo |